| 000 | 01110nam a22003497a 4500 | ||
|---|---|---|---|
| 001 | BR7308153 | ||
| 003 | BR-BrBNA | ||
| 005 | 20230928084142.0 | ||
| 007 | ta | ||
| 008 | 230509b bl.||||| |||| 00| 0 por d | ||
| 040 |
_aBR-BrBNA _bpor _cBiblioteca Nacional de Agricultura |
||
| 041 | _a(Por) | ||
| 072 |
_aH20; H10; F00 _b2120 _b/G514 |
||
| 090 | _ 2120 BR7308153 | ||
| 110 | 1 |
_aPrograma Integrado de Pesquisas Agropecuarias do Estado de Minas Gerais, Belo Horizonte (Brasil) _97991 |
|
| 245 | 1 |
_aPrograma cafe. Relatorio anual julho - 1973 [Doenca de planta; Praga de planta; Producao vegetal; Minas Gerais; Brasil] _bConvenio IBC-GERCA/Secretaria da Agricultura |
|
| 260 | 3 |
_aBelo Horizonte, MG (Brasil): _c1973. |
|
| 300 | _a107 p. | ||
| 650 | _aDoenca de planta | ||
| 650 | _aPraga de planta | ||
| 650 | _aProducao vegetal | ||
| 650 | _aCafe | ||
| 650 | _aFerrugem | ||
| 650 | _aInseto | ||
| 650 | _aPratica cultural | ||
| 650 | _aFungicida | ||
| 650 | _aInseticida | ||
| 650 | _aControle quimico | ||
| 650 | _aMinas Gerais | ||
| 909 |
_a202309 _bLucia _c55 _dLucia Elande |
||
| 942 | _cBK | ||
| 999 |
_c17160 _d17160 |
||